| 000 | 00885nas a2200289 4500 | ||
|---|---|---|---|
| 001 | BR2016001309 | ||
| 003 | BR-BrBNA | ||
| 005 | 20231205130239.0 | ||
| 007 | ta | ||
| 008 | 230509b bl.|||p| |||| 00| 00por d | ||
| 040 |
_aBR-BrBNA _bpor _cBiblioteca Nacional de Agricultura |
||
| 041 | _a(En) | ||
| 072 | _aM40 | ||
| 100 | 1 | _aMendonça, M.M. | |
| 100 | 1 | _aPicapedra, P.H. dos S. | |
| 100 | 1 | _aFerronato, M.C. | |
| 100 | 1 | _aSanches, P.V. | |
| 245 | 1 | _aDiel vertical migration of predators (planktivorous fish larvae)and prey (zooplankton)in a tropical lagoon | |
| 650 | _aMIGRAÇÃO ANIMAL | ||
| 650 | _aALEVINO | ||
| 650 | _aPREDADOR | ||
| 650 | _aLAGOA | ||
| 650 | _aZOOPLANCTON | ||
| 773 | 0 |
_tIheringia. Série Zoologia (Brazil) _xISSN 0073-4721 _g(Jun 2015), v. 105(2) p. 174-183 _wBR2016001309 |
|
| 909 |
_a202311 _bLúcia _c55 _dLúcia Elande |
||
| 942 |
_2AGRIS _n0 _cANA |
||
| 999 |
_c248444 _d248444 |
||